Guess the Fusion Rock Song Lyrics #296 - Statistics

General Stats
  • This quiz has been taken 20 times
  • The average score is 94 of 192
Answer Stats
Answer % Correct
a
94%
I
94%
i
94%
the
88%
The
88%
an
82%
to
82%
where
82%
and
76%
And
76%
in
76%
In
76%
is
76%
love
76%
me
76%
my
76%
My
76%
On
76%
for
71%
For
71%
I'm
71%
that
71%
all
65%
be
65%
I'll
65%
of
65%
Of
65%
one
65%
Got
59%
night
59%
was
59%
Like
53%
every
47%
Simon and Garfunkel
47%
back
41%
But
41%
come
41%
man
41%
see
41%
Home
35%
need
35%
sing
35%
thoughts
35%
again
29%
lies
29%
long
29%
looks
29%
musics
29%
play
29%
playing
29%
waiting
29%
band
24%
bound
24%
Silently
24%
Homeward
24%
same
24%
Silently
24%
someone
24%
songs
24%
wish
24%
factories
18%
guitar
18%
hand
18%
sittin
18%
stop
18%
Tonight
18%
comfort
12%
destination
12%
each
12%
mediocrity
12%
railway
12%
Reminds
12%
shades
12%
stands
12%
station
12%
ticket
12%
tour
12%
words
12%
cigarettes
6%
emptiness
6%
endless
6%
escaping
6%
Everydays
6%
face
6%
game
6%
harmony
6%
magazines
6%
neatly
6%
planned
6%
poet
6%
pretend
6%
strangers
6%
stream
6%
suitcase
6%
town
6%
movies
0%
No matching quizzes found
Score Distribution
Percent of People with Each Score
Percentile by Number Answered
Your Score History
You have not taken this quiz